000 00468nam a2200181 a 4500
001 0502
005 20140414131911.0
008 040117s19uu xx 00 eng d
020 _a0-7214-0625-4
050 _aER
_bEm7 1985
100 _aBradburry, Lynne
245 _aEmperor's new clothes (The) /
_cLynne Bradburry.
260 _aEngland :
_bLadybird,
_c1985.
300 _a51 p. ; cm.
440 _aWell loved tales
650 _aFolklore.
999 _c111242
_d111242